| 000 | 00995nam a2200241 i 4500 | ||
|---|---|---|---|
| 001 | 156345 | ||
| 003 | ES-MaACL | ||
| 005 | 20250828063258.0 | ||
| 008 | 981229s1892 sp b |||| | spa d | ||
| 040 |
_aCCPB | B _bspa _cCCPB | B |
||
| 080 | _a910.4(866.4)"15" | ||
| 080 | _a910.4(935)"15" | ||
| 100 | 1 |
_aJiménez de la Espada, Marcos, _d1831-1898 _9222553 |
|
| 245 | 1 | 4 |
_aLas Islas de los Galápagos y otra más a poniente / _c[Marcos Jiménez de la Espada]. |
| 260 |
_aMadrid : _b[s.n.], _c1892 ( _fImp. de Fortanet) |
||
| 300 |
_a52 p., [1] h. pleg. de map. ; _c25 cm. |
||
| 594 | _aAutor consta en fin de texto. | ||
| 596 | _aEl pie de imp. consta en colofón. | ||
| 651 | 4 |
_aGalápagos (Ecuador)- _xDescubrimientos y exploraciones. _9150786 |
|
| 651 | 4 |
_aIslas Salomón- _xDescubrimientos y exploraciones- _xEspañoles. _9150787 |
|
| 852 |
_aES-MaACL _jT-511-F-11 _z- Enc. hol. _z. - Dedicatoria autógrafa del autor _z- Enc. en un vol. facticio |
||
| 999 |
_c156345 _d156345 |
||